Озонирование нефтеполимерной смолы на основе дициклопентадиеновой фракции; Химия и химическая технология на рубеже тысячелетий

Detaylı Bibliyografya
Parent link:Химия и химическая технология на рубеже тысячелетий.— 2004.— [С. 99-100]
Diğer Yazarlar: Троян А. А. Анна Алексеевна, Бондалетова Л. И. Людмила Ивановна, Бондалетов В. Г. Владимир Григорьевич, Любятинская М. П. Мария Петровна
Özet:Заглавие с титульного листа
Электронная версия печатной публикации
Dil:Rusça
Baskı/Yayın Bilgisi: 2004
Konular:
Online Erişim:http://www.lib.tpu.ru/fulltext/v/Conferences/2004/K01/41079.pdf
Materyal Türü: Elektronik Kitap Bölümü
KOHA link:https://koha.lib.tpu.ru/cgi-bin/koha/opac-detail.pl?biblionumber=218524

MARC

LEADER 00000naa2a2200000 4500
001 218524
005 20260127155148.0
035 |a (RuTPU)RU\TPU\book\238554 
035 |a RU\TPU\book\238552 
090 |a 218524 
100 |a 20120621d2004 k y0rusy50 ca 
101 0 |a rus 
102 |a RU 
135 |a drnn ---uucaa 
181 0 |a i  
182 0 |a b 
200 1 |a Озонирование нефтеполимерной смолы на основе дициклопентадиеновой фракции  |f А. А. Троян [и др.] 
203 |a Текст  |c электронный 
215 |a 1 файл (328 Кб) 
300 |a Заглавие с титульного листа 
300 |a Электронная версия печатной публикации 
337 |a Adobe Reader 
463 1 |0 (RuTPU)RU\TPU\book\74583  |t Химия и химическая технология на рубеже тысячелетий  |o материалы III Всероссийской научной конференции, Томск, 2-4 сентября 2004 г.  |f Российское химическое общество им. Д. И. Менделеева; Химия и химическая технология на рубеже тысячелетий. Всероссийская научная конференция; Российская Академия естествознания; Администрация Томской области; ООО "Томскнефтехим"; ЗАО "Метанол"; Томский политехнический университет  |v [С. 99-100]  |d 2004 
610 1 |a нефтеполимерные смолы 
610 1 |a озонирование 
610 1 |a продукты пиролиза 
610 1 |a модификация 
610 1 |a электронный ресурс 
610 1 |a труды учёных ТПУ 
701 1 |a Троян  |b А. А.  |c химик-органик  |c доцент Томского политехнического университета, кандидат химических наук  |f 1978-  |g Анна Алексеевна  |3 (RuTPU)RU\TPU\pers\25648  |9 11559 
701 1 |a Бондалетова  |b Л. И.  |c химик-технолог  |c доцент Томского политехнического университета, кандидат химических наук  |f 1956-  |g Людмила Ивановна  |3 (RuTPU)RU\TPU\pers\25852  |9 11721 
701 1 |a Бондалетов  |b В. Г.  |c химик-технолог  |c профессор Томского политехнического университета, доктор технических наук  |f 1957-  |g Владимир Григорьевич  |3 (RuTPU)RU\TPU\pers\25605  |9 11534 
701 1 |a Любятинская  |b М. П.  |c российский учёный в области экономики природных ресурсов  |c ассистент Томского политехнического университета  |g Мария Петровна  |3 (RuTPU)RU\TPU\pers\26226 
801 1 |a RU  |b 63413507  |c 20120529 
801 2 |a RU  |b 63413507  |c 20160614  |g RCR 
856 4 |u http://www.lib.tpu.ru/fulltext/v/Conferences/2004/K01/41079.pdf 
942 |c CF